<?xml version="1.0" encoding="UTF-8"?>
<record
    xmlns:xsi="http://www.w3.org/2001/XMLSchema-instance"
    xsi:schemaLocation="http://www.loc.gov/MARC21/slim http://www.loc.gov/standards/marcxml/schema/MARC21slim.xsd"
    xmlns="http://www.loc.gov/MARC21/slim">

  <leader>00809cam a2200229   4500</leader>
  <controlfield tag="003">OSt</controlfield>
  <controlfield tag="005">20150408113829.0</controlfield>
  <controlfield tag="008">      S1987   0   a         0000 00ARA0d</controlfield>
  <datafield tag="040" ind1=" " ind2=" ">
    <subfield code="a">mu</subfield>
    <subfield code="b">ara</subfield>
    <subfield code="c">mb</subfield>
  </datafield>
  <datafield tag="082" ind1=" " ind2=" ">
    <subfield code="a">001.6424  &#x645; &#x639; &#x641;</subfield>
  </datafield>
  <datafield tag="100" ind1=" " ind2=" ">
    <subfield code="a">&#x645;&#x646;&#x635;&#x648;&#x631;&#x60C; &#x639;&#x648;&#x636;</subfield>
    <subfield code="9">4329</subfield>
  </datafield>
  <datafield tag="245" ind1="1" ind2="0">
    <subfield code="a">&#x641;&#x648;&#x631;&#x62A;&#x631;&#x627;&#x646; 77 &#x645;&#x639; &#x62A;&#x637;&#x628;&#x64A;&#x642;&#x627;&#x62A; &#x639;&#x644;&#x645;&#x64A;&#x647; &#x648;&#x647;&#x646;&#x62F;&#x633;&#x64A;&#x647; /</subfield>
    <subfield code="c">&#x639;&#x648;&#x636;  &#x645;&#x646;&#x635;&#x648;&#x631;</subfield>
  </datafield>
  <datafield tag="250" ind1=" " ind2=" ">
    <subfield code="a">&#x637; 7</subfield>
  </datafield>
  <datafield tag="260" ind1="0" ind2="1">
    <subfield code="a">&#x639;&#x645;&#x627;&#x646; (&#x627;&#x644;&#x627;&#x631;&#x62F;&#x646;) :</subfield>
    <subfield code="b">&#x62F;&#x627;&#x631; &#x627;&#x644;&#x641;&#x631;&#x642;&#x627;&#x646;,</subfield>
    <subfield code="c">1999</subfield>
  </datafield>
  <datafield tag="300" ind1=" " ind2=" ">
    <subfield code="a">465 &#x635; &#x61B;</subfield>
    <subfield code="c">24 &#x633;&#x645;</subfield>
  </datafield>
  <datafield tag="500" ind1=" " ind2=" ">
    <subfield code="a">&#x645;&#x639;&#x62C;&#x645; &#x643;&#x644;&#x645;&#x627;&#x62A; : &#x635;. 455-465.</subfield>
  </datafield>
  <datafield tag="504" ind1=" " ind2=" ">
    <subfield code="a">&#x628;&#x628;&#x644;&#x64A;&#x648;&#x62C;&#x631;&#x627;&#x641;&#x64A;&#x629; : &#x635;. 454.</subfield>
  </datafield>
  <datafield tag="650" ind1=" " ind2="0">
    <subfield code="a">&#x627;&#x644;&#x62D;&#x627;&#x633;&#x628;&#x627;&#x62A; &#x627;&#x644;&#x627;&#x644;&#x64A;&#x647;</subfield>
    <subfield code="x">&#x644;&#x63A;&#x627;&#x62A;</subfield>
    <subfield code="9">4331</subfield>
  </datafield>
  <datafield tag="650" ind1=" " ind2="4">
    <subfield code="a">&#x627;&#x644;&#x62D;&#x627;&#x633;&#x628;&#x627;&#x62A; &#x627;&#x644;&#x627;&#x644;&#x64A;&#x647;</subfield>
    <subfield code="x">&#x628;&#x631;&#x627;&#x645;&#x62C;</subfield>
    <subfield code="9">4332</subfield>
  </datafield>
  <datafield tag="650" ind1=" " ind2=" ">
    <subfield code="a">&#x641;&#x648;&#x631;&#x62A;&#x631;&#x627;&#x646; (&#x644;&#x63A;&#x629; &#x628;&#x631;&#x645;&#x62C;&#x629; &#x62D;&#x627;&#x633;&#x648;&#x628;)</subfield>
    <subfield code="9">4333</subfield>
  </datafield>
  <datafield tag="942" ind1=" " ind2=" ">
    <subfield code="2">ddc</subfield>
    <subfield code="c">BOOK</subfield>
  </datafield>
  <datafield tag="999" ind1=" " ind2=" ">
    <subfield code="c">8083</subfield>
    <subfield code="d">242583</subfield>
  </datafield>
  <datafield tag="952" ind1=" " ind2=" ">
    <subfield code="1">0</subfield>
    <subfield code="2">2013-03-10</subfield>
    <subfield code="4">0</subfield>
    <subfield code="7">0</subfield>
    <subfield code="a">001.6424  &#x645; &#x639; &#x641;</subfield>
    <subfield code="d">2011-09-12</subfield>
    <subfield code="h">CL</subfield>
    <subfield code="i">00041381</subfield>
    <subfield code="m">CL</subfield>
    <subfield code="r">2013-03-10 00:00:00</subfield>
    <subfield code="t">BOOK</subfield>
    <subfield code="w">ddc</subfield>
    <subfield code="y">0</subfield>
  </datafield>
  <datafield tag="952" ind1=" " ind2=" ">
    <subfield code="1">0</subfield>
    <subfield code="2">2013-03-10</subfield>
    <subfield code="4">0</subfield>
    <subfield code="7">0</subfield>
    <subfield code="a">001.6424  &#x645; &#x639; &#x641;</subfield>
    <subfield code="d">2011-09-12</subfield>
    <subfield code="h">CL</subfield>
    <subfield code="i">00041382</subfield>
    <subfield code="m">CL</subfield>
    <subfield code="r">2013-03-10 00:00:00</subfield>
    <subfield code="t">BOOK</subfield>
    <subfield code="w">ddc</subfield>
    <subfield code="y">0</subfield>
  </datafield>
  <datafield tag="952" ind1=" " ind2=" ">
    <subfield code="1">0</subfield>
    <subfield code="2">2013-03-10</subfield>
    <subfield code="4">0</subfield>
    <subfield code="7">0</subfield>
    <subfield code="a">001.6424  &#x645; &#x639; &#x641;</subfield>
    <subfield code="d">2011-09-12</subfield>
    <subfield code="h">CL</subfield>
    <subfield code="i">00041379</subfield>
    <subfield code="m">CL</subfield>
    <subfield code="r">2013-03-10 00:00:00</subfield>
    <subfield code="t">BOOK</subfield>
    <subfield code="w">ddc</subfield>
    <subfield code="y">0</subfield>
  </datafield>
</record>
